000
00288nam a2200145Ia 4500
100
_a
Chapman
650
_a
Matlab
942
_c
BK
366
_f
25
654
_a
Matlab
245
_a
MATLAB Programming for Engineers
260
_b
#N/A
546
_a
ENGLISH
_c
PAMPHALETS
999
_c
34821
_d
34821